ბათუმის შოთა რუსთაველის სახელმწიფო უნივერსიტეტის ბიბლიოთეკა

კლასიკური სოციოლოგიური თეორიები. სოციოლოგიური განვითარების ადრეული წლები (ბიბ.ჩანაწერი № 48206)

000 -LEADER
fixed length control field 01103nam a2200253Ia 4500
001 - CONTROL NUMBER
control field 15088
003 - CONTROL NUMBER IDENTIFIER
control field GE_BSU
008 - FIXED-LENGTH DATA ELEMENTS--GENERAL INFORMATION
fixed length control field 181216s||||||||xx |||||||||||||| ||und||
020 ## - INTERNATIONAL STANDARD BOOK NUMBER
International Standard Book Number 9789941106910
040 ## - CATALOGING SOURCE
Transcribing agency GE_BSU
080 ## - UNIVERSAL DECIMAL CLASSIFICATION NUMBER
Universal Decimal Classification number 316.334.3
100 ## - MAIN ENTRY--PERSONAL NAME
Personal name ბერძენიშვილი,ამირან
245 ## - TITLE STATEMENT
Title კლასიკური სოციოლოგიური თეორიები. სოციოლოგიური განვითარების ადრეული წლები
245 ## - TITLE STATEMENT
Remainder of title სალექციო კურსი
245 ## - TITLE STATEMENT
Statement of responsibility, etc. სამეცნ. რედ. ფლორა ესებუა
260 ## - PUBLICATION, DISTRIBUTION, ETC.
Place of publication, distribution, etc. თბილისი
260 ## - PUBLICATION, DISTRIBUTION, ETC.
Name of publisher, distributor, etc. მერიდიანი
260 ## - PUBLICATION, DISTRIBUTION, ETC.
Date of publication, distribution, etc. 2013
300 ## - PHYSICAL DESCRIPTION
Extent 404გვ.24სმ.
300 ## - PHYSICAL DESCRIPTION
Accompanying material ბიბლიოგრ.:გვ.402-404
653 ## - INDEX TERM--UNCONTROLLED
Uncontrolled term კლასიკური სოციოლოგიური თეორიები
653 ## - INDEX TERM--UNCONTROLLED
Uncontrolled term სოციოლოგიური განვითარების ადრეული წლები
942 ## - ADDED ENTRY ELEMENTS (KOHA)
Koha item type წიგნი
ეგზემპლარები
Withdrawn status Lost status Damaged status Not for loan Date acquired Barcode Date last seen Price effective from Koha item type
        2018-12-17 38118 2018-12-17 2018-12-17 წიგნი